Typing Challenge: 100 'D' Words Quiz Stats

Quiz Updated Jun 23, 2017

Challenge
Share
Tweet
Embed
Score 0/100 Timer 02:00
6 Plays Today
What to type ↓ Type here! ↓ % Correct
dayday
99.9%
denden
99.4%
dogdog
99%
drydry
98.6%
dyedye
98.3%
deaddead
98.1%
daledale
97.9%
dawndawn
97.7%
deckdeck
97.5%
doledole
97.4%
domedome
97.3%
doordoor
97.2%
dovedove
97.1%
drawdraw
97%
drugdrug
96.9%
drumdrum
96.8%
duckduck
96.7%
ductduct
96.6%
dulldull
96.4%
duskdusk
96.3%
dairydairy
96.1%
datumdatum
96%
dauntdaunt
95.8%
decaydecay
95.8%
deigndeign
95.6%
dirtydirty
95.5%
dizzydizzy
95.3%
dowrydowry
95%
dramadrama
94.9%
drilldrill
94.8%
drivedrive
94.6%
droopdroop
94.4%
dwarfdwarf
94.2%
duplexduplex
93.8%
What to type ↓ Type here! ↓ % Correct
daintydainty
93.4%
decaredecare
93.1%
dismaldismal
92.8%
doctordoctor
92.5%
dollardollar
92.2%
dongledongle
91.7%
donkeydonkey
91.4%
dorsaldorsal
90.9%
dredgedredge
90.3%
driveldrivel
89.8%
drowsydrowsy
89%
dugongdugong
88.1%
duritydurity
87.3%
dentinedentine
86.6%
diarchydiarchy
85.4%
dissentdissent
84.4%
diversediverse
83.4%
drasticdrastic
82.5%
decanterdecanter
81.4%
decarchydecarchy
79.5%
deforestdeforest
78.2%
demarchedemarche
76.9%
diatribediatribe
75.2%
disasterdisaster
73.6%
discreetdiscreet
72%
districtdistrict
70.3%
dolomitedolomite
68.7%
dolorousdolorous
66.4%
dominantdominant
64.7%
donationdonation
63.4%
dragomandragoman
61.2%
dystopiadystopia
58.9%
dragonishdragonish
56.4%
daedalistdaedalist
53.3%
What to type ↓ Type here! ↓ % Correct
dalmatiandalmatian
50%
damoiseaudamoiseau
46.7%
dandeliondandelion
44.6%
decastichdecastich
41.9%
deliriousdelirious
39.6%
desipientdesipient
36.3%
dexterousdexterous
33.9%
discalceddiscalced
30.8%
discoursediscourse
29.1%
dittologydittology
27.2%
dolabratedolabrate
24.8%
dormitorydormitory
23.2%
dripstonedripstone
21.4%
dystrophydystrophy
19.4%
dreamworlddreamworld
18%
dictionarydictionary
16.7%
difficultydifficulty
15.2%
doramaniacdoramaniac
13.5%
dacnomaniadacnomania
11.9%
debaucherydebauchery
10.6%
decamerousdecamerous
9.6%
deltiologydeltiology
8.3%
dubiousnessdubiousness
7.3%
deleteriousdeleterious
6.5%
discordancediscordance
5.6%
disobedientdisobedient
5%
distributiondistribution
4.4%
disparaginglydisparagingly
3.6%
disgraciouslydisgraciously
3.1%
deontologicaldeontological
2.6%
dactylographydactylography
2.2%
disciplinarianDAMN, you're fast!
1.8%

You're not logged in!

Compare scores with friends on all Sporcle quizzes.
Sign Up with Email
OR
Log In

You Might Also Like...

Show Comments

Extras

Top Quizzes Today


Score Distribution

Your Account Isn't Verified!

In order to create a playlist on Sporcle, you need to verify the email address you used during registration. Go to your Sporcle Settings to finish the process.